000 00600nam a2200205Ia 4500
001 14574
003 GE_BSU
008 181216s||||||||xx |||||||||||||| ||und||
040 _cGE_BSU
245 _aВестник Древней истории №4. 2014
245 _bJournal of ancient history
245 _cГл. ред. А.И.Иванчук и др.
260 _aМосква
260 _c2014
300 _a256стр.24см.
653 _aВестник Древней истории. №4. 2014
653 _aПериодика
653 _aპერიოდიკა
942 _cCR
999 _c47703
_d47703